Football - Les Prix Puskas - Statistiques

Statistiques générales
  • Ce quiz a été pris 187 fois
  • Le résultat moyen est 17 sur 42
Statistiques - réponses
Année Rang Nationalité Équipe Adversaire Compétition Joueur % Correct
2018 2ème Portugal Real Madrid Juventus Ligue des Champions Cristiano Ronaldo
92%
2009 1er Portugal Manchester United FC Porto Ligue des Champions Cristiano Ronaldo
92%
2019 3ème Argentine FC Barcelone Bétis Séville Liga Lionel Messi
89%
2015 2ème Argentine FC Barcelone Athletic Bilbao Coupe d'Espagne Lionel Messi
89%
2011 3ème Argentine FC Barcelone Arsenal Ligue des Champions Lionel Messi
89%
2017 1er France Arsenal Crystal Palace Premier League Olivier Giroud
85%
2013 3ème Brésil Brésil Japon Coupe des Confédérations Neymar
80%
2012 3ème Brésil Santos SP Internacional Copa Libertadores Neymar
80%
2011 1er Brésil Santos Flamengo D1 Brésil Neymar
80%
2022 2ème France OM PAOK Europa Conférence League Dimitri Payet
79%
2020 1er Corée du Sud Tottenham Burnely Premier League Heung-min Son
78%
2018 1er Égypte Liverpool Everton Premier League Mohamed Salah
76%
2020 3ème Uruguay FC Barcelone Majorque Liga Luis Suarez
75%
2013 1er Suède Suède Angleterre Match Amical Zlatan Ibrahimovic
69%
2022 3ème Brésil Brésil Serbie Coupe du Monde Richarlison
64%
2014 1er Colombie Colombie Uruguay Coupe du Monde James Rodriguez
59%
2009 2ème Espagne FC Barcelone Chelsea Ligue des Champions Andrés Iniesta
56%
2014 3ème Pays-Bas Pays-Bas Espagne Coupe du Monde Robin Van Persie
53%
2021 3ème Iran FC Porto Chelsea Ligue des Champions Mehdi Taremi
52%
2011 2ème Angleterre Manchester United Manchester City Premier League Wayne Rooney
50%
2021 1er Argentine Tottenham Arsenal Premier League Erik Lamela
49%
2016 3ème Vénézuela Vénézuela U17 (F) Paraguay U17 (F) Sudamericano U17 (F) Daniuska Rodriguez
46%
2021 2ème République Tchèque République Tchèque Écosse Euro Patrick Schick
40%
2015 3ème Italie AS Rome FC Barcelone Ligue des Champions Alessandro Florenzi
20%
2010 3ème Pays-Bas Pays-Bas Uruguay Coupe du Monde Giovanni Van Bronckhorst
14%
2012 2ème Clom Atlético Madrid América de Cali Match Amical Radamel Falcao
13%
2013 2ème Serbie Benfica Porto D1 Portugal Nemanja Matic
10%
2010 1er Turquie Turquie Kazakhstan Éliminatoires Euro Hamit Altintop
8%
2009 3ème Brésil Bayern Munich Wolfsburg Bundesliga Grafite
5%
2020 2ème Uruguay Flamengo Ceará SC D1 Brésil Giorgian De Arrascaeta
3%
2018 3ème Uruguay Cruzeiro EC América FC Ligue Brésilienne Giorgian De Arrascaeta
3%
2019 2ème Colombie River Plate Avellaneda D1 Argentine Juan Fernando Quintero
3%
2016 1er Malaisie Penang FA Pahang FA D1 Malaisie Mohd Faiz Subri
3%
2017 2ème Afrique du Sud Baroka FC Orlando Pirates D1 Afrique du Sud Oscarine Masuluke
3%
2022 1er Pologne Warta Poznań Stal Rzeszów D1 Polonaise (handisport) Marcin Oleksy
2%
2012 1er Slovaquie Fenerbahce Gençlerbirliği D1 Turquie Miroslav Stoch
2%
2014 2ème Irlande Peamount United Wexford D1 Irlande (F) Stephanie Roche
1%
2015 1er Brésil Goianésia EC Atlético Goianiense Ligue Brésilienne Wendell Lira
1%
2019 1er Hongrie Debreceni VSC Ferencvaros D1 Hongrie Daniel Zsori
0%
2017 3ème Vénézuela Vénézuela U17 (F) Cameroun U17 (F) Coupe du Monde U17 (F) Deyna Castellanos
0%
2010 2ème Suède Hammarby IF Syrianska FC D2 Suède Linus Hallenius
0%
2016 2ème Brésil Corinthians Cobresal Copa Libertadores Marlone
0%
Aucun quiz correspondant
Distribution des résultats
% des personnes avec chaque résultat
Percentile par nombre de réponses
Votre historique - résultats
Vous n’avez pas pris ce quiz